| 000 | 00629nam a2200217 i 4500 | ||
|---|---|---|---|
| 001 | 98049 | ||
| 003 | ES-MaACL | ||
| 005 | 20230906182216.0 | ||
| 007 | t| | ||
| 008 | 050721s1959 sp ||||1| spa d | ||
| 100 | 1 |
_aMarkey, Gene. _976915 |
|
| 245 | 1 | 0 |
_aOrgullo de Kentucky _b: novela / _cGene Markey; [traducción del inglés por Juan J. García Guerrero]. |
| 250 | _a[1ª ed.]. | ||
| 260 |
_aBarcelona : _bPlaneta, _c1959. |
||
| 300 |
_a360 p. ; _c19 cm. |
||
| 490 | 1 | _aGoliat | |
| 700 | 1 |
_aGarcía Guerrero, Juan J. _954733 |
|
| 830 | 0 |
_aGoliat _9181396 |
|
| 852 |
_aES-MaACL _jC-16240 _bR.44304 |
||
| 999 |
_c98049 _d98049 |
||